The Pelé Quiz - Statistics

General Stats
  • This quiz has been taken 99 times
    97 since last reset
  • The average score is 11 of 24
Answer Stats
Hint Answer % Correct
Country he played for Brazil
87%
Age on his first World Cup win 17
70%
World Cup he won 1970
70%
World Cup he won 1962
69%
World Cup he won 1958
67%
Age of death 82
67%
Professional club he played for Santos FC
67%
Date of death December 28th, 2022
51%
Number of Ballon D’Ors 7
50%
Cause of death Colorectal cancer
50%
Professional club he played for New York Cosmos
47%
His full name Edson Arantes do Nascimento
44%
Year of retirement at professional football 1977 (professional football)
40%
City where he died São Paulo
37%
Known as... ...the King of Football
37%
Year of retirement at Brazil National Team 1971 (Brazil National Team)
34%
His birthday October 23rd, 1940
33%
Total number of trophies won by him 36
29%
Stopped a war on this country during an excursion of his team in 1969 Nigeria
26%
His birthplace Três Corações
24%
State where the above is located Minas Gerais
21%
Rival on the game of his 1000th goal Vasco da Gama
16%
Coastal northeastern city whose main stadium uses his name Maceió
7%
Disowned daughter he had out of wedlock Sandra Regina Machado
6%
No matching quizzes found
Score Distribution
Percent of People with Each Score
Percentile by Number Answered
Your Score History
You have not taken this quiz since the last reset